A carregar...

Meer Thaki Meer

Detalhes bibliográficos
Autor principal: Saraswathy Saram, Kaif Ed
Formato: Printed Book
Publicado em: Delhi Rajpal and Sons
LEADER 00365nam a22001097a 4500
082 |a 891.43109  |b SAR.M 
100 |a Saraswathy Saram, Kaif Ed. 
245 |a Meer Thaki Meer 
260 |a Delhi  |b Rajpal and Sons 
942 |c BK 
999 |c 16991  |d 16991 
952 |0 0  |1 0  |4 0  |6 891_431090000000000_SAR_M  |7 0  |9 19355  |a CAMPUS  |b CAMPUS  |d 2017-09-02  |l 0  |o 891.43109 SAR.M  |p 04593  |r 2017-09-02  |w 2017-09-02  |y BK